000 00444cam a22001217a 4500
008 180718b1963 xxu||||| |||| 00| 0 eng d
082 _aXA94x54 N213c
245 _aContractual saving in urban India
_cby National Council of Applied Economic Research
260 _aNew Delhi
_bNational Council of Applied Economic Research
_c1963
300 _a120p.
650 _aSaving and Thrift - India
700 _aNational Council of Applied Economic Research
999 _c480769
_d480769